| 000 | 00590nam a2200205Ia 4500 | ||
|---|---|---|---|
| 005 | 20250508170204.0 | ||
| 008 | 008 250505s9999 xx 000 0 eng d | ||
| 020 | _a978-1-138-69495-8 | ||
| 037 | _aTextBook | ||
| 040 |
_aFEDL _beng _cFEDL |
||
| 041 |
_aeng _2eng |
||
| 084 |
_a801.950 9, SEL/R _qFEDL |
||
| 100 |
_aSelden Raman Ed. _92638 |
||
| 245 | 0 | _aTheory of critiicism: From plato to the present- A reader | |
| 260 |
_aLondon, UK _bRoutledge _c1988 |
||
| 300 | _axv, 560p. | ||
| 365 |
_aINR _b2 |
||
| 942 |
_cTB _h801.950 9, SEL/R |
||
| 999 |
_c1399691 _d1399691 |
||